Mikrosystém 1988 2 Zpravodaj pro mikroelektroniku a mikroelektronické systémy

Na minha lista:
Detalhes bibliográficos
Formato: Livro
Idioma:tcheco
Publicado em: Praha TESLA ELTOS 1988
Edição:1. vyd.
Tags: Adicionar Tag
Sem tags, seja o primeiro a adicionar uma tag!

MARC

LEADER 00000nam a2200000 4500
001 c034335
005 20221219085349.9
041 0 |a cze 
044 |a CZ 
245 1 0 |a Mikrosystém 1988 2  |b Zpravodaj pro mikroelektroniku a mikroelektronické systémy 
250 |a 1. vyd. 
264 1 |a Praha  |b TESLA ELTOS  |c 1988 
300 |a 79 s.